000 00606nam a2200229Ia 4500
003 OSt
005 20221007080543.0
006 a|||||r|||| 00| 0
007 ta
008 221006b |||||||| |||| 00| 0 eng d
024 _a11,563
037 _cTextual
040 _aFLL
_cFLL
_beng
041 _2eng
_aeng
082 _aV2.N75, L8
100 _aLewis Primila Au.
_9695008
245 0 _aReason wounded
260 _aNew Delhi
_bVikas publishing house pvt. ltd. India
_c1978
300 _a207p
_ccm.
942 _hV2.N75, L8
_cTEXL
_2CC
999 _c1160072
_d1160072